[Event "ISR-chT (Women)"]
[Site "Netanya"]
[Date "2025.05.31"]
[Round "6.6"]
[White "Karavaeva, Olga"]
[Black "Reprun, Nadejda"]
[Result "1-0"]
[WhiteElo "2271"]
[BlackElo "1950"]
[PlyCount "89"]
[EventDate "2025.05.29"]
[EventType "team-swiss"]
[EventRounds "6"]
[EventCountry "ISR"]
[SourceTitle "CB23_2025"]
[SourceDate "2025.06.04"]
[SourceVersion "1"]
[SourceVersionDate "2025.06.04"]
[SourceQuality "1"]
[WhiteTeam "Maccabi Kiryat Yam (W)"]
[BlackTeam "Rishon Le Zion (W) II"]
[WhiteTeamCountry "ISR"]
[BlackTeamCountry "ISR"]

1. c4 c6 2. Nf3 d5 3. b3 Bf5 4. Nh4 Bg4 5. h3 Bh5 6. g4 e6 7. Ng2 Bg6 8. cxd5 cxd5 9. Bb2 Nc6 10. d3 e5 11. Ne3 Bb4+ 12. Nd2 Bc5 13. Bg2 Bxe3 14. fxe3 Qh4+ 15. Kf1 Rd8 16. Qe1 Qxe1+ 17. Rxe1 f6 18. e4 Nge7 19. Kf2 0-0 20. Kg3 Rfe8 21. Rc1 dxe4 22. Nxe4 Nd5 23. Nc5 Nf4 24. Bf3 b6 25. Nb7 Nd4 26. Bxd4 Rxd4 27. Rc4 Rxc4 28. bxc4 Re7 29. Nd6 Rd7 30. Nb5 Bf7 31. a4 Ne6 32. a5 Nc5 33. Bc6 Rd8 34. axb6 axb6 35. Rb1 h5 36. Kf2 hxg4 37. hxg4 Be6 38. Nc7 Bxg4 39. Rxb6 Rc8 40. Bd5+ Kf8 41. Nb5 Rd8 42. Rc6 Nb3 43. Rc7 Nc1 44. Rf7+ Ke8 45. Nc7# 1-0

[Event "ISR-chT (Women)"]
[Site "Netanya"]
[Date "2025.05.30"]
[Round "3.14"]
[White "Pitam, Ella"]
[Black "Reprun, Nadejda"]
[Result "0-1"]
[WhiteElo "2174"]
[BlackElo "1950"]
[PlyCount "66"]
[EventDate "2025.05.29"]
[EventType "team-swiss"]
[EventRounds "6"]
[EventCountry "ISR"]
[SourceTitle "CB23_2025"]
[SourceDate "2025.06.04"]
[SourceVersion "1"]
[SourceVersionDate "2025.06.04"]
[SourceQuality "1"]
[WhiteTeam "Afula Hapoel (W)"]
[BlackTeam "Rishon Le Zion (W) II"]
[WhiteTeamCountry "ISR"]
[BlackTeamCountry "ISR"]

1. c4 c6 2. Nc3 d5 3. d4 Nf6 4. Nf3 e6 5. cxd5 cxd5 6. Bg5 Be7 7. e3 0-0 8. Bd3 b6 9. 0-0 Bb7 10. Rc1 Nbd7 11. Qe2 Ne4 12. Bf4 g5 13. Bg3 f5 14. h3 Nxg3 15. fxg3 Bd6 16. g4 fxg4 17. hxg4 Rc8 18. e4 Bf4 19. Rce1 Nf6 20. exd5 Bxd5 21. Nxd5 Qxd5 22. Qxe6+ Qxe6 23. Rxe6 Nxg4 24. Re7 Be3+ 25. Kh1 Nf2+ 26. Rxf2 Bxf2 27. Bxh7+ Kh8 28. Ne5 Rf6 29. Ng6+ Rxg6 30. Bxg6 Rc6 31. Bh5 Bg3 32. Re8+ Kg7 33. Re7+ Kh6 0-1

[Event "ISR-chT (Women)"]
[Site "Netanya"]
[Date "2025.05.30"]
[Round "4.6"]
[White "Reprun, Nadejda"]
[Black "Klinova, Masha"]
[Result "1/2-1/2"]
[WhiteElo "1950"]
[BlackElo "2231"]
[PlyCount "82"]
[EventDate "2025.05.29"]
[EventType "team-swiss"]
[EventRounds "6"]
[EventCountry "ISR"]
[SourceTitle "CB23_2025"]
[SourceDate "2025.06.04"]
[SourceVersion "1"]
[SourceVersionDate "2025.06.04"]
[SourceQuality "1"]
[WhiteTeam "Rishon Le Zion (W) II"]
[BlackTeam "Beer Sheva (W)"]
[WhiteTeamCountry "ISR"]
[BlackTeamCountry "ISR"]

1. e4 d6 2. d4 Nf6 3. Nc3 g6 4. Be3 a6 5. h3 Bg7 6. g4 Nc6 7. Nge2 e5 8. d5 Ne7 9. Ng3 h5 10. g5 Nd7 11. h4 b5 12. a3 Nb6 13. Bxb6 cxb6 14. Bd3 Qc7 15. Qe2 Qc5 16. Qe3 0-0 17. 0-0-0 f6 18. gxf6 Qxe3+ 19. fxe3 Rxf6 20. Rdf1 Bd7 21. Rxf6 Bxf6 22. Be2 Rf8 23. Kd2 Kh7 24. a4 b4 25. Nd1 a5 26. b3 Bg7 27. Rh2 Bh6 28. Nb2 Kg7 29. Nc4 Nc8 30. Nf1 Kf7 31. Rf2+ Ke8 32. Ke1 Kd8 33. Rg2 Rf6 34. Nfd2 Kc7 35. Nf3 Ne7 36. Ng5 Bxg5 37. Rxg5 Bc8 38. Nd2 Bd7 39. Nc4 Be8 40. Nd2 Bd7 41. Nc4 Bc8 1/2-1/2

[Event "EU-Cup (Women) 28th"]
[Site "Vrnjacka Banja"]
[Date "2024.10.22"]
[Round "3.3"]
[White "Muedder, Melanie"]
[Black "Reprun, Nadejda"]
[Result "0-1"]
[WhiteElo "1931"]
[BlackElo "1965"]
[PlyCount "58"]
[EventDate "2024.10.20"]
[EventType "team-swiss"]
[EventRounds "7"]
[EventCountry "SRB"]
[SourceTitle "CB44_2024"]
[Source "Chessbase"]
[SourceDate "2024.10.30"]
[SourceVersion "1"]
[SourceVersionDate "2024.10.30"]
[SourceQuality "1"]
[WhiteTeam "Solingen (W) II"]
[BlackTeam "Rishon Le Zion (W)"]
[WhiteTeamCountry "GER"]
[BlackTeamCountry "ISR"]

1. e4 c6 2. Nf3 d5 3. Nc3 Bg4 4. h3 Bxf3 5. Qxf3 e6 6. Be2 Bc5 7. Qg3 g6 8. d3 Bd6 9. f4 Ne7 10. 0-0 Nd7 11. Kh1 0-0 12. Qg5 Rc8 13. g4 f6 14. Qh6 d4 15. Nd1 Rf7 16. Nf2 Qf8 17. Qh4 g5 18. fxg5 Ng6 19. Qh5 fxg5 20. Kg1 Bg3 21. Nh1 Rxf1+ 22. Bxf1 Bf4 23. Bxf4 Qxf4 24. Bg2 Rf8 25. Rf1 Qe3+ 26. Nf2 Kg7 27. Kh1 Nf6 28. Nd1 Qd2 29. Rxf6 Rxf6 0-1

[Event "EU-Cup (Women) 28th"]
[Site "Vrnjacka Banja"]
[Date "2024.10.21"]
[Round "2.3"]
[White "Reprun, Nadejda"]
[Black "Grozdanovic, Anastasia"]
[Result "1/2-1/2"]
[WhiteElo "1965"]
[BlackElo "2041"]
[PlyCount "69"]
[EventDate "2024.10.20"]
[EventType "team-swiss"]
[EventRounds "7"]
[EventCountry "SRB"]
[SourceTitle "CB44_2024"]
[Source "Chessbase"]
[SourceDate "2024.10.30"]
[SourceVersion "1"]
[SourceVersionDate "2024.10.30"]
[SourceQuality "1"]
[WhiteTeam "Rishon Le Zion (W)"]
[BlackTeam "Kostolac Rudar (W)"]
[WhiteTeamCountry "ISR"]
[BlackTeamCountry "SRB"]

1. e4 c5 2. Nf3 e6 3. d4 cxd4 4. Nxd4 Nf6 5. Nc3 Nc6 6. Ndb5 Bc5 7. Bf4 0-0 8. Bc7 Qe7 9. Bd6 Bxd6 10. Qxd6 Qd8 11. 0-0-0 a6 12. Nd4 Ne7 13. Bc4 b5 14. Bb3 Bb7 15. f3 Ne8 16. Qg3 Qb6 17. a3 Nf6 18. e5 Nfd5 19. Nxd5 Nxd5 20. Bxd5 Bxd5 21. Nf5 exf5 22. Rxd5 b4 23. axb4 Qxb4 24. Qe1 Qc4 25. Qd2 Rab8 26. Kb1 Rb5 27. Rxb5 axb5 28. Rd1 Ra8 29. Qd5 Qa4 30. c3 b4 31. cxb4 Qa1+ 32. Kc2 Qa4+ 33. Kb1 Qa1+ 34. Kc2 Qa4+ 35. Kb1 1/2-1/2

[Event "ISR-ch (Women)"]
[Site "Arad"]
[Date "2022.12.13"]
[Round "9"]
[White "Reprun, Nadejda"]
[Black "Kochavi, Dana"]
[Result "1/2-1/2"]
[WhiteElo "1979"]
[BlackElo "2011"]
[PlyCount "41"]
[EventDate "2022.12.05"]
[EventType "tourn"]
[EventRounds "9"]
[EventCountry "ISR"]
[SourceTitle "CBM 211 Extra"]
[Source "ChessBase"]
[SourceDate "2023.01.31"]
[SourceVersion "1"]
[SourceVersionDate "2023.01.31"]
[SourceQuality "1"]

1. e4 c6 2. d4 d5 3. e5 Bf5 4. Nf3 e6 5. Be2 Nd7 6. 0-0 Bg6 7. c4 Ne7 8. Nc3 Nf5 9. Bg5 Be7 10. Bxe7 Qxe7 11. cxd5 cxd5 12. h3 a6 13. a4 0-0 14. a5 Nb8 15. Qd2 Nc6 16. Na4 Nh4 17. Nb6 Rad8 18. Rfc1 Nxf3+ 19. Bxf3 f6 20. exf6 Qxf6 21. Rd1 1/2-1/2

[Event "ISR-ch (Women)"]
[Site "Arad"]
[Date "2022.12.11"]
[Round "7"]
[White "Reprun, Nadejda"]
[Black "Brusilovski, Lena"]
[Result "1-0"]
[WhiteElo "1979"]
[BlackElo "1800"]
[PlyCount "97"]
[EventDate "2022.12.05"]
[EventType "tourn"]
[EventRounds "9"]
[EventCountry "ISR"]
[SourceTitle "CBM 211 Extra"]
[Source "ChessBase"]
[SourceDate "2023.01.31"]
[SourceVersion "1"]
[SourceVersionDate "2023.01.31"]
[SourceQuality "1"]

1. e4 c5 2. Nf3 a6 3. c4 Nc6 4. d4 cxd4 5. Nxd4 e6 6. Nc3 Qc7 7. Be2 Nf6 8. 0-0 Nxd4 9. Qxd4 Bc5 10. Qd3 0-0 11. Be3 Rb8 12. a3 b6 13. b4 Bxe3 14. Qxe3 d6 15. Rac1 Bb7 16. f3 Rfd8 17. Rfd1 Ba8 18. Bf1 Qb7 19. Rc2 Ne8 20. Rcd2 Qe7 21. Rd4 e5 22. R4d3 Nc7 23. Qd2 Ne6 24. Rxd6 Nd4 25. Rxd8+ Rxd8 26. Qe3 Rd6 27. Bd3 Rg6 28. f4 f6 29. Nd5 Qd6 30. Rc1 Bb7 31. f5 Rg5 32. c5 bxc5 33. bxc5 Qd7 34. Nb4 a5 35. c6 Bxc6 36. Nxc6 Nxc6 37. Bc4+ Kf8 38. Qc5+ Ne7 39. Bd5 g6 40. Rb1 Qa4 41. Rb8+ Kg7 42. Qxe7+ Kh6 43. Qf8+ Kh5 44. Bb3 Qd4+ 45. Kf1 Qd3+ 46. Ke1 Qxe4+ 47. Kd2 Rxg2+ 48. Kc1 Qe1+ 49. Bd1+ 1-0

[Event "Dublin Irish op"]
[Site "Dublin"]
[Date "2019.04.18"]
[Round "2"]
[White "Larino Nieto, David"]
[Black "Reprun, Nadejda"]
[Result "1-0"]
[WhiteElo "2434"]
[BlackElo "1995"]
[PlyCount "65"]
[EventDate "2019.04.17"]
[EventType "swiss"]
[EventRounds "9"]
[EventCountry "IRL"]
[SourceTitle "CBM 189 Extra"]
[Source "ChessBase"]
[SourceDate "2019.05.31"]
[SourceVersion "1"]
[SourceVersionDate "2019.05.31"]
[SourceQuality "1"]

1. Nf3 d5 2. b3 Bg4 3. Bb2 e6 4. g3 Nd7 5. Bg2 Ngf6 6. d3 Be7 7. h3 Bxf3 8. exf3 0-0 9. f4 Bd6 10. 0-0 c6 11. Re1 Qc7 12. Nd2 Rfe8 13. d4 b5 14. c4 bxc4 15. bxc4 Rab8 16. Qc2 Bb4 17. c5 Rb7 18. Bc1 Reb8 19. Rd1 Bxd2 20. Bxd2 Rb2 21. Qa4 Ne4 22. Be1 Qb7 23. Bf1 a5 24. f3 Nef6 25. Bc3 Nh5 26. Bxb2 Qxb2 27. Rab1 Qc3 28. Rxb8+ Nxb8 29. Qb3 Qxb3 30. axb3 Nxg3 31. Bd3 Nh5 32. Ra1 Nxf4 33. Bf1 1-0

[Event "ISR-ch (Women)"]
[Site "Maalot Tarshiha"]
[Date "2018.12.14"]
[Round "3"]
[White "Reprun, Nadejda"]
[Black "Orian, Noga"]
[Result "1-0"]
[WhiteElo "2016"]
[BlackElo "1343"]
[PlyCount "83"]
[EventDate "2018.12.12"]
[EventType "swiss"]
[EventRounds "9"]
[EventCountry "ISR"]
[SourceTitle "CBM 187 Extra"]
[Source "ChessBase"]
[SourceDate "2018.11.04"]
[SourceVersion "1"]
[SourceVersionDate "2018.11.04"]
[SourceQuality "1"]

1. e4 c5 2. Nf3 d6 3. d4 cxd4 4. Nxd4 Nf6 5. Nc3 a6 6. Be2 e5 7. Nb3 Be6 8. 0-0 Be7 9. Be3 Nc6 10. f3 Rc8 11. Qd2 h6 12. Rfd1 Na5 13. Nd5 Bxd5 14. Nxa5 Bc6 15. Nxc6 Rxc6 16. a4 Qc7 17. c4 Nd7 18. a5 Nc5 19. Ra3 Ne6 20. b4 Bg5 21. Bxg5 hxg5 22. c5 Nd4 23. Bc4 Qd8 24. Bd5 Rc7 25. Rd3 f6 26. Rxd4 exd4 27. Qxd4 Ke7 28. Bb3 Rd7 29. Qd5 Kf8 30. cxd6 g6 31. Ba4 Rhh7 32. Bxd7 Rxd7 33. g3 b6 34. Qc6 bxa5 35. bxa5 Ra7 36. d7 Kf7 37. Qc8 Ra8 38. Qxa8 Qxa8 39. d8Q Qa7+ 40. Qb6 Qe7 41. Rc1 Qa3 42. Rc7+ 1-0

[Event "ISR-ch (Women)"]
[Site "Tiberias"]
[Date "2016.12.12"]
[Round "8"]
[White "Reprun, Nadejda"]
[Black "Bejashvili, Irma"]
[Result "1-0"]
[WhiteElo "1959"]
[BlackElo "1656"]
[PlyCount "43"]
[EventDate "2016.12.05"]
[EventType "swiss"]
[EventRounds "9"]
[EventCountry "ISR"]
[SourceTitle "CBM 176 Extra"]
[Source "ChessBase"]
[SourceDate "2017.03.02"]
[SourceVersion "1"]
[SourceVersionDate "2017.03.02"]
[SourceQuality "1"]

1. e4 c5 2. Nf3 Nc6 3. d4 cxd4 4. Nxd4 Qb6 5. Nb3 Nf6 6. Nc3 e6 7. Qe2 Bb4 8. Bd2 a6 9. a3 Be7 10. g3 d6 11. Bg2 Bd7 12. 0-0 0-0 13. Be3 Qc7 14. Na4 b5 15. Nb6 Rab8 16. Nxd7 Nxd7 17. f4 Nb6 18. c3 d5 19. Nd4 Nxd4 20. cxd4 Qc4 21. Qf2 Rbc8 22. e5 1-0